Survivor Winners Quiz Stats

 Plays Quiz Updated Dec 20, 2019

Support Sporcle.
Go Orange.
Score 0/40 Timer 06:00
6 Plays Today
Year Winner % Correct
2000Richard Hatch
93.6%
2020Tony Vlachos
93.5%
2017Sarah Lacina
86.4%
2014Natalie Anderson
86.3%
2019Chris Underwood
86.1%
2014Tony Vlachos
85.9%
2001Tina Wesson
85.5%
2001Ethan Zohn
84.3%
2013John Cochran
84.2%
2003Sandra Diaz-Twine
84.1%
2004Amber Brkich
84%
2016Adam Klein
83.9%
2013Tyson Apostol
83.5%
2018Wendell Holland Jr.
83.5%
2018Nick Wilson
83.2%
2017Ben Driebergen
83.2%
2015Jeremy Collins
82.5%
2012Kim Spradlin
81.9%
2008Parvati Shallow
80.4%
2016Michele Fitzgerald
79.2%
Year Winner % Correct
2012Denise Stapley
78.7%
2009James 'J.T.' Thomas
78.7%
2005Tom Westman
78.1%
2015Mike Holloway
77.9%
2010Sandra Diaz-Twine
77.7%
2019Tommy Sheehan
77.4%
2011Sophie Clark
77%
2006Yul Kwon
75.5%
2011Rob Mariano
74.7%
2009Natalie White
74.3%
2008Robert Crowley
74.2%
2003Jenna Morasca
73.5%
2007Todd Herzog
70.6%
2004Chris Daugherty
70%
2002Vecepia Towery
69.4%
2002Brian Heidik
67.7%
2005Danni Boatwright
67.1%
2007Earl Cole
66.9%
2006Aras Baskauskas
65.3%
2010Jud 'Fabio' Birza
64.5%

From the Vault

Top Hit Artists of the '60s

by caramba

Music 10m
Time to dust off those old records and turn on the lava lamp, because it's a '60s music quiz.
Remove Ads.
Support Sporcle.
Get the best of Sporcle when you Go Orange. This ad-free experience offers more features, more stats, and more fun while also helping to support Sporcle. Thank you for becoming a member.

Show Comments

Extras

Top Quizzes Today


Score Distribution

Your Account Isn't Verified!

In order to create a playlist on Sporcle, you need to verify the email address you used during registration. Go to your Sporcle Settings to finish the process.

Report this User

Report this user for behavior that violates our Community Guidelines.

Details: